000 01086cab a2200205 4500
001 L136039
008 070104n2006 000 0 eng u
035 _a(Sirsi) u136039
041 0 _aeng
245 0 0 _aW G Mitchell (Gleneagles) Ltd and another v Jemstock One Ltd
260 _c2006
490 0 _aCommercial Leases
_v20(10) November/December 2006 1174(1)
520 _a[2006] LTL 10/10/2006. The claimant who had entered into an agreement for lease of a premises with the defendant sought rectification of the agreement on the basis of it omitting key provisions which had been agreed between the parties as to guarantee payments of any shortfall between a minimum rent and the rent payable. "Held": the judge ruled that the evidence that agreed provisions had been omitted from the agreement for lease by mistake.
590 _aKA
650 2 4 _aFINANCE ACT 2003
650 2 4 _aW G MITCHELL LTD AND ANOTHER V JEMSTOCK ONE LTD
651 4 _aUnited Kingdom
_y
690 _aPROPERTY-COMMERCIAL PROPERTY-LEASEHOLD COMMERCIAL PROPERTY-COMMERCIAL LANDLORD AND TENANT
942 _n0
999 _c78110
_d78110